000 00508nam a2200169 a 4500
001 000047023
005 20201002053308.0
008 180411s2004 dr a 000 0 spa d
020 _a9789945122145
040 _aDO-SdBNP
_bspa
_cBNPHU
082 _axxxx
_bG216a
100 1 _aGarcía V., María Luz
_974884
245 1 0 _aAprendo a escribir con María y Manuel /
_cMaría Luz García V.
260 _aSanto Domingo :
_bSusaeta,
_c[s.f.].
300 _a64 p. :
_bil. ;
_c29 cm.
590 _aInventariado, 2018/LP
999 _c46511
_d46511